000 01869cam a2200361 a 4500
999 _c738
_d738
001 .b53573870
003 OCoLC
005 20191205162036.0
008 150408s2015 paua 000 1 eng d
020 _a9781594747359
020 _a1594747350
040 _aDLC
_beng
_cDLC
_dYDXCP
_dBTCTA
_dBDX
_dUKMGB
_dBKL
_dIAD
_dIEU
_dAZFX8
_dNOC
_dOCLCQ
_dOCLCO
_dATIGN
_dATSHR
_dOCLCO
_dOCLCF
_dIAD
_dZHB
_dOCLCO
_dAUOAC
_dOCLCO
_dCNGUL
_dTXCMR
_dTXBPL
_dOCLCO
_dP@N
_dG3T
_dALSOM
_dOCLCO
_dOCLCA
_dOCLCQ
_dOCLCO
_dNTNU
042 _anbic
082 _aFIC RIG
100 1 _aRiggs, Ransom.
_eauthor
245 1 0 _aHollow city /
_cby Ransom Riggs.
250 _aFirst paperback edition.
260 1 _aPhiladelphia :
_bQuirk Books,
_c2015.
300 _a428 p. :
_bill. ;
_c22 cm.
490 1 _aMiss Peregrine's Peculiar Children ;
_vSecond novel.
500 _a"Originally published by Quirk Books in 2014."
500 _aIncludes "A Conversation with Ransom Riggs" and an excerpt from The third novel of Miss Peregrine's peculiar children.
520 _a"Having escaped Miss Peregrine's island by the skin of their teeth, Jacob and his new friends, who possess supernatural abilities, must journey to London (circa 1940), the 'peculiar' capital of the world. There they hope to find a cure for their beloved headmistress, Miss Peregrine. But in this war-torn city, hideous surprises lurk around every corner"--
_cProvided by publisher.
650 0 _aOrphanages
_vJuvenile fiction.
650 0 _aEscapes
_vJuvenile fiction.
650 0 _aParanormal fiction.
650 0 _aTime travel
_vFiction.
651 0 _aLondon (England)
_vJuvenile fiction.
651 1 _aLondon (England)
_xHistory
_yBombardment, 1940-1945
_vFiction.
651 1 _aGreat Britain
_xHistory
_yGeorge VI, 1936-1952
_vFiction.
800 1 _aRiggs, Ransom.
_tNovel of Miss Peregrine's Peculiar Children ;
_vSecond.
942 _2ddc
_cFIC